| 000 | 00730nam a2200217 a 4500 | ||
|---|---|---|---|
| 999 |
_c3418 _d3418 |
||
| 001 | 3418 | ||
| 003 | BD-JhCC | ||
| 005 | 20171113190240.0 | ||
| 008 | 171113s1996 bg ||||| |||| 00| 0 ben d | ||
| 035 | _a(BD-JhCC)3418 | ||
| 040 |
_aBD-JhCC _dBD-JhCC |
||
| 041 | _aben | ||
| 082 |
_a891.443 _bSAG 1996 |
||
| 100 | _aসাগর, ফরিদুর রেজা | ||
| 245 |
_aমুক্তিযুদ্ধ কিশোর উপন্যাসমালা _bএকাত্তরে ওরা / _cফরিদুর রেজা সাগর |
||
| 260 |
_aঢাকা: _bসাহিত্য প্রকাশ, _c1996. |
||
| 300 |
_a46 p. : _c18 cm. |
||
| 650 | _aHistorical Novel | ||
| 942 |
_2ddc _cBK |
||